000
00278cam a2200121ua 4500
082
_a
823.308
_b
LER/HE
100
_a
Lermontov, M.
_9
1746
245
_a
Hero of Our Time /
250
_a
1 /
260
_a
Moscow :
_b
Progress Publishers ,
_c
1965.
300
_a
170 ; .
942
_c
BK
999
_c
6842
_d
6842